00649nam a2200193Ia 4500008004100000020001800041082001700059100002400076245006700100250000800167260004200175300002400217500001900241600001500260650001500275942000700290952014100297999001700438240925s9999 xx 000 0 und d a9788131754535 a658.4012 CAR aCarpenter, Mason A. 0aConcepts and Cases Strategic Management: a dynamic perspective a2nd aNew Delhi:bPearson Educationc,2012. a339p.bNAfOriginal aIncludes Index aManagement aManagement cBK 001040708MANaUITUbUITUd2018-12-23eBook World Internationalg1289.60l0o658.4012 CARpQ13171r2024-09-25 07:16:45w2024-09-25yBK c15670d15670